1229 1344 1200 1651 1331 1067 1965 1158 1659 1018 1101 1622 1003 1313 1472 1174 1674 1315 1465 1063 1552 1956 1635 1069 1432 1976 1131 1788 1092 1393 1714 1266 1086 1262 1548 1346 1457 1617 1417 1386 1774 1382 1959 1039 1270 1616 1000 1371 1464 1637 1959 1111 1286 1508 1415 1551 1255 1092 1102 1266 1565 1357 1765 1651 1362 1240 1271 1737 1080 1260 1139 1684 1745 1609 1909 1221 1757 1038 1307 1750 1979 1991 1342 1807 1973 1919 1879 1506 1378 1471 1991 1761 1270 1269 1489 1246 1009 1717 1964 BCNSPRNW ULIB Ver.6.0+V

เปลี่ยนเป็นภาษาไทย

Change to English
 แสดงรายละเอียดบรรณานุกรม
  กลับหน้าหลัก

Brief Record : Get Marc (ISO 2709) : E-mail record : QR code < ปิดหน้าต่าง
LEADER : 00000nam 2200000uu 4500
001    13399128278
003     ULIB
008    230126s2565||||th 000 0 tha d
020    ู^a9786161148560
060    ^aQZ200^bศ173ก
100    ^aศรีสุดา งามขำ และชุลีพร ปิยสุทธิ์
245    ^aการจัดการความปวดของผู้ป่วยมะเร็ง = Pain management of patients with cancer/^cศรีสุดา งามขำ และชุลีพร ปิยสุทธิ์
250    ^aพิมพ์ครั้งที่ 1
260    ^aนครสวรรค์ :^bวิทยาลัยพยาบาลบรมราชชนนี สวรรค์ประชารักษ์ นครสวรรค์,^c2565
300    ^a118 หน้า;^b28 ซม.
650    ^aเนื้องอก^xการรักษา
650    ^aเนื้องอก^xการพยาบาล
945    ^p0^l0^i29478
945    ^p0^l0^i29479
945    ^p0^l0^i29480
945    ^p0^l0^i29481
945    ^p0^l0^i29482
945    ^p0^l0^i29483
945    ^p0^l0^i29484
945    ^p0^l0^i29485
945    ^p0^l0^i29486
945    ^p0^l0^i29487
999    ^aกัณชพร จุลอักษร
รายการนี้ยังไม่มีแท็ก
คุณยังไม่ได้ล็อกอิน คุณสามารถมีกิจกรรมร่วมกับเว็บไซต์ได้ แต่ต้องล็อกอินก่อน ::
  ล็อกอิน

รายการสื่อสารสนเทศ

ลำดับที่ ประเภท เลขเรียก/บาร์โค้ด สถานที่ สถานะ
1. หนังสือสำรอง
หนังสือสำรอง
QZ200 ศ173ก ฉ.1 
  Barcode: 29478
ห้องสมุดวิทยาเขตสวรรค์ประชารักษ์
►หนังสือทั่วไป
บนชั้น
2. วิทยาศาสตร์การแพทย์ และสุขภาพ
วิทยาศาสตร์การแพทย์ และสุขภาพ
QZ200 ศ173ก ฉ.10 
  Barcode: 29487
ห้องสมุดวิทยาเขตสวรรค์ประชารักษ์
►หนังสือทั่วไป
บนชั้น
3. วิทยาศาสตร์การแพทย์ และสุขภาพ
วิทยาศาสตร์การแพทย์ และสุขภาพ
QZ200 ศ173ก ฉ.2 
  Barcode: 29479
ห้องสมุดวิทยาเขตสวรรค์ประชารักษ์
►หนังสือทั่วไป
บนชั้น
4. วิทยาศาสตร์การแพทย์ และสุขภาพ
วิทยาศาสตร์การแพทย์ และสุขภาพ
QZ200 ศ173ก ฉ.3 
  Barcode: 29480
ห้องสมุดวิทยาเขตสวรรค์ประชารักษ์
►หนังสือทั่วไป
บนชั้น
5. วิทยาศาสตร์การแพทย์ และสุขภาพ
วิทยาศาสตร์การแพทย์ และสุขภาพ
QZ200 ศ173ก ฉ.4 
  Barcode: 29481
ห้องสมุดวิทยาเขตสวรรค์ประชารักษ์
►หนังสือทั่วไป
บนชั้น
6. วิทยาศาสตร์การแพทย์ และสุขภาพ
วิทยาศาสตร์การแพทย์ และสุขภาพ
QZ200 ศ173ก ฉ.5 
  Barcode: 29482
ห้องสมุดวิทยาเขตสวรรค์ประชารักษ์
►หนังสือทั่วไป
บนชั้น
7. วิทยาศาสตร์การแพทย์ และสุขภาพ
วิทยาศาสตร์การแพทย์ และสุขภาพ
QZ200 ศ173ก ฉ.6 
  Barcode: 29483
ห้องสมุดวิทยาเขตสวรรค์ประชารักษ์
►หนังสือทั่วไป
บนชั้น
8. วิทยาศาสตร์การแพทย์ และสุขภาพ
วิทยาศาสตร์การแพทย์ และสุขภาพ
QZ200 ศ173ก ฉ.7 
  Barcode: 29484
ห้องสมุดวิทยาเขตสวรรค์ประชารักษ์
►หนังสือทั่วไป
บนชั้น
9. วิทยาศาสตร์การแพทย์ และสุขภาพ
วิทยาศาสตร์การแพทย์ และสุขภาพ
QZ200 ศ173ก ฉ.8 
  Barcode: 29485
ห้องสมุดวิทยาเขตสวรรค์ประชารักษ์
►หนังสือทั่วไป
บนชั้น
10. วิทยาศาสตร์การแพทย์ และสุขภาพ
วิทยาศาสตร์การแพทย์ และสุขภาพ
QZ200 ศ173ก ฉ.9 
  Barcode: 29486
ห้องสมุดวิทยาเขตสวรรค์ประชารักษ์
►หนังสือทั่วไป
บนชั้น

รายการใกล้เคียง
    ผู้แต่ง [ศรีสุดา งามขำ และชุลีพร ปิยสุทธิ์]

BibComment


ยังไม่เคยถูกคอมเมนท์

คอมเมนท์ทรัพยากรรายการนี้
  คอมเมนท์: การจัดการความปวด..


 Copyright 2026. Bcnsprnw @Library